[Event "Linares"]
[Site "Linares"]
[Date "1994.??.??"]
[Round "?"]
[White "Topalov, Veselin"]
[Black "Shirov, Alexey"]
[Result "0-1"]
[WhiteElo "2640"]
[BlackElo "2715"]
[Annotator "Shirov,A"]
[PlyCount "68"]
[EventDate "1994.??.??"]

{60/134} 1. e4 1... g6 2. d4 Bg7 3. Nc3 c6 4. Nf3 d5 5. h3 Nh6 (5... Nf6 {
- 60/(134)}) 6. Bf4 (6. Bd3 {- 60/(134)}) 6... f6 7. Be2 {N} (7. exd5 cxd5 8.
Nb5 8... Na6 {- 48/(208)} (8... O-O $13)) 7... Nf7 8. Bh2 O-O 9. O-O b6 10. Re1
Bb7 11. Bf1 Nd7 (11... Re8 $5 {e5} 12. e5 e6 13. exf6 13... Bxf6 $13) 12. a4 a6
(12... e6 13. a5 13... Re8 $13) 13. a5 b5 14. exd5 $5 14... cxd5 15. Re6 $5
15... Rc8 $6 (15... Re8 $1 16. Ne1 $1 (16. Nxb5 $6 16... axb5 17. Bxb5 17...
Bc8 $1 18. Bc6 Ra7 19. b4 19... Nde5 $1 $17) 16... Ng5 $5 (16... Nf8 17. Rb6 $1
17... Ra7 18. Nd3 Nd7 19. Re6 Nf8 20. Re1 $5 20... e5 21. Nc5 21... Ba8 $13)
17. Re2 17... Ne4 $13) 16. Nxb5 $6 (16. Ne2 $1 16... Re8 17. Nf4 Nd6 (17... Nf8
$6 18. Rb6 Qd7 19. Nd3 e5 20. Nc5 Rxc5 21. dxc5 $16) 18. Re1 Nf8 19. Nd3 Ne4
20. Nd2 Nd7 21. Nb3 $14) 16... axb5 17. Bxb5 17... f5 $1 18. Qe2 $6 (18. Qe1
Nf6 19. Rxe7 19... Ba8 $13) 18... Nf6 19. a6 (19. Rxe7 $142 19... Rxc2 20. Rxb7
$5 20... Rxe2 21. Bxe2 Qa8 22. a6 Ne4 23. Rc1 23... Nd8 $1 $15) 19... Ba8 20.
Rxe7 Rxc2 21. Qxc2 Qxe7 22. Qa4 $1 22... Qe6 $1 (22... Ne4 $2 23. Bc6) (22...
Rc8 23. a7 23... Ne4 $6 24. Bd7 $1 24... Rc4 $2 25. Qb5 Rb4 26. Qb8+ $1 26...
Qf8 27. Be6 $1 $18) 23. b4 $2 (23. a7 $1 23... g5 $1 {f4} (23... Ne4 24. Qa6 $1
24... Nfg5 (24... Qxa6 25. Rxa6 {26. Bc6, 26. Rb6}) 25. Nxg5 Nxg5 26. h4 $1
26... Qxa6 27. Rxa6 Nf7 (27... Ne4 28. Be5 $44) 28. Ra4 Rc8 29. Bf4 $44) 24.
Bc7 g4 25. Ne5 Nxe5 26. Bxe5 gxh3 27. gxh3 (27. Qa6 Qf7 28. gxh3 28... Ne4 $1
$17) 27... f4 $1 $17) 23... Ne4 24. Bf1 24... g5 $19 25. b5 g4 (25... f4 $5 {
Bh2}) 26. Ne1 (26. Ne5 Nxe5 27. Bxe5 Bxe5 28. dxe5 Qb6) 26... Qb6 27. Nc2 Rc8
28. Bf4 28... Bh6 $1 29. Bxh6 Qxh6 30. hxg4 (30. Ne3 gxh3 31. gxh3 Qf4 32. Ra2
(32. Nd1 Nfg5 33. Bg2 33... Kh8 {Rg8}) (32. Qa2 Kh8 33. Bg2 33... Rg8 {Nfg5})
32... Nfg5 33. Bg2 33... Nxf2 $1 34. Rxf2 Qxe3) 30... Qd2 31. f3 Qf2+ 32. Kh2 (
32. Kh1 Ng3+) 32... Nfg5 33. Ne1 Qh4+ 34. Kg1 Nh3+ (34... Nh3+ 35. gxh3 Qf2+
36. Kh1 Ng3#) 0-1

[Event "Linares"]
[Site "Linares"]
[Date "1994.??.??"]
[Round "9"]
[White "Kasparov, Garry"]
[Black "Kamsky, Gata"]
[Result "1-0"]
[WhiteElo "2805"]
[BlackElo "2695"]
[PlyCount "79"]
[EventDate "1994.??.??"]

1. e4 c6 2. d4 d5 3. Nd2 dxe4 4. Nxe4 Nd7 5. Ng5 (5. Nf3 {Kasparov,G - 60/(135)
}) 5... Ngf6 6. Bd3 e6 7. N1f3 Bd6 8. Qe2 h6 9. Ne4 Nxe4 10. Qxe4 Qc7 (10...
Nf6 11. Qh4 11... Ke7 $5 12. Ne5 Bxe5 13. dxe5 Qa5+ 14. c3 Qxe5+ 15. Be3 b6 16.
O-O-O g5 17. Qa4 c5 18. Rhe1 Bd7 19. Qa3 19... Rhd8 $15 {
Kamsky,G-Karpov,A Dortmund 1993}) 11. Qg4 g5 (11... Kf8 {Kasparov,G - 54/143})
12. Qh3 12... Rg8 $5 {TN} (12... Bf4 13. O-O Bxc1 14. Raxc1 Qf4 15. Rce1 b6 (
15... g4 16. Qh4) 16. Re4 Qf6 17. Rfe1 {18.Rxe6} 17... Kd8 18. Qg3 $16 {
Benjamin,J-Andruet,G Paris 1989}) 13. Nd2 $1 (13. Qxh6 $2 13... Bf8 14. Qh7 (
14. Qh5 {Kasparov,G} 14... Nf6 $19) 14... Nf6 15. Qh3 g4 16. Qh4 gxf3 17. Qxf6
fxg2 18. Rg1 18... Qxh2 $19) 13... Bf8 (13... c5 $5 {Kasparov,G}) 14. Ne4 Bg7 (
14... f5 $5 {Kasparov,G} 15. O-O $5 (15. Qh5+ Ke7 16. Ng3 Nf6 17. Qe2 $16)
15... fxe4 16. Qxe6+ Kd8 17. Qxg8 exd3 18. h4 (18. f4 g4 19. f5 19... Qd6 $132)
18... Qd6 19. hxg5 hxg5 20. Bxg5+ Kc7 21. Bh4 Bh6 22. Qd8+ Kb8 23. Rae1 $16) (
14... b6 {Kasparov,G} 15. O-O Bb7 16. f4 c5 (16... g4 17. Qh5 c5 18. f5 $36
18... e5 19. dxe5 Qxe5 20. Bf4 Qd4+ 21. Kh1 O-O-O (21... Bxe4 $4 22. Bxe4 $18)
22. Qxf7 Rg7 23. Qe6 c4 24. f6 (24. Rac1 $5) 24... Bd5 $6 25. Nd6+ $18) 17.
fxg5 c4 18. Rxf7 Kxf7 19. Qh5+ $1 19... Rg6 (19... Ke7 20. gxh6 $1 20... cxd3 (
20... Kd8 21. Bg5+ Be7 22. h7 Rh8 23. Bxe7+ Kxe7 24. Qg5+ $18) 21. Bg5+ Rxg5 (
21... Nf6 22. Bxf6+ Kd7 23. Qf7+ Kc6 24. Qxg8 $18) 22. Qxg5+ Ke8 23. h7 Bxe4
24. h8=Q $18) 20. Bd2 cxd3 21. Rf1+ Ke7 22. Qxg6 $16) 15. O-O $1 (15. c3 c5 16.
O-O 16... b6 $132 {17...Bb7,18...0-0-0}) 15... Bxd4 (15... b6 16. f4 $1 16...
g4 17. Qh5 Bb7 18. c3 {19.f5}) 16. Be3 $1 (16. Qxh6 $4 16... Rh8 $19) 16... Be5
(16... Bxb2 17. Rab1 (17. c3 $5 {Kasparov,G} 17... Bxa1 18. Rxa1 Rg6 (18... b6
$2 19. Qxh6 $18) 19. Rd1 $1 $36 19... f5 20. Qh5 Kf7 21. Bc2 $1 {Nd6!} (21.
Bxg5 Qe5 (21... hxg5 22. Qh7+ Rg7 23. Nxg5+ Kf6 24. Qxg7+ $1 24... Kxg7 25.
Nxe6+ $16) 22. f4 22... Qg7 $13) (21. g4 $5) 21... Nf8 (21... fxe4 22. Bxe4 Nf8
23. Bxg6+ Nxg6 24. Qxh6 Qe5 25. Bd4 Qf5 26. Qg7+ Ke8 27. Bf6 $18) 22. Bc5 Bd7
23. Bd6 $1 23... Qc8 24. Bxf8 $1 $18) (17. Rad1 Be5 18. Kh1 Nf6 (18... Qd8 19.
f4) 19. f4 gxf4 20. Nxf6+ 20... Bxf6 $13) 17... Be5 (17... Bg7 18. f4 $36) 18.
g3 $36 {19.Qxh6,20.Bxg5}) (16... Bxe3 $2 {Kasparov,G} 17. fxe3 $16) 17. Rad1
Nf6 (17... b6 {18...Bb7,19...0-0-0} 18. Bc4 $1 $36 18... Bb7 $2 19. Bxe6 $40) (
17... Nb6 {Kasparov,G} 18. c4 $1 $16 (18. Be2 $5 $16 18... Nd5 19. c4 Nxe3 (
19... Nf6 20. Nxf6+ Bxf6 21. Bh5 $40 21... c5 22. Qf3 Ke7 23. Rfe1 $1 23... Bd7
$2 24. Rxd7+ $1) 20. fxe3) 18... Bd7 19. Be2 O-O-O 20. Bc5 Be8 21. Rxd8+ Qxd8
22. Qa3 $40) 18. Nxf6+ Bxf6 19. Bh7 (19. Qxh6 Rh8 20. Bh7) 19... Rh8 20. Qxh6
Be7 (20... Qe7 21. Bc5 (21. Rd3 Bd7 22. Rfd1 O-O-O 23. Bxa7 Be5 24. Bb6 Bc7 25.
Bxc7 Kxc7 26. Qg7 g4 27. g3) 21... Rxh7 (21... Qxc5 $2 {Kasparov,G} 22. Qxf6
Rxh7 23. Rd8#) 22. Rd8+ Qxd8 23. Qf8+ Kd7 24. Rd1+ Kc7 25. Rxd8 Bxd8 26. Qd6#)
21. Qg7 Rf8 22. Rd3 $1 {23.Rfd1} 22... Bd7 23. Bxg5 (23. Rfd1 O-O-O 24. Bxg5
$16) 23... Bxg5 24. Qxg5 Qd8 25. Qe5 25... Qe7 {26...0-0-0} 26. Qc7 $1 26...
Bc8 27. Qa5 $1 27... b6 28. Qe5 Ba6 (28... Bd7 29. Qc7 Qd8 30. Qb7 $18 30...
Qc8 31. Rxd7) 29. Be4 $1 29... Rc8 (29... Bxd3 30. Bxc6+ Kd8 31. Rd1 $1 $18)
30. c4 Rg8 (30... Bxc4 31. Bxc6+ Rxc6 32. Qb8+) 31. b3 Bb7 32. Rfd1 Ba8 (32...
c5 33. Rd7 Qxd7 34. Rxd7 Kxd7 35. Bxb7 $18) 33. c5 $1 33... bxc5 (33... Qxc5
34. Qxc5 bxc5 35. Rd7 c4 36. Rxa7 cxb3 37. axb3 {38.Rda1} 37... Kf8 $8 38. Rdd7
Rg7 39. h4 $18) 34. Rd6 {35.Qxc5} 34... c4 (34... Rg5 35. Qh8+ Qf8 36. Rd8+ $18
) 35. bxc4 c5 36. Bxa8 Rxa8 37. Qxc5 Rb8 38. g3 Qb7 39. Qd4 Kf8 40. Qf6 (40.
Qf6 Qe7 41. Rd8+ Rxd8 42. Rxd8+ $18) 1-0